Statistiques concernant Culture Générale - Série 1102

Cliquez ici pour prendre le quiz!

Statistiques générales

  • Ce quiz a été pris 49 fois
  • Le résultat moyen est 6 sur 10

Statistiques - réponses

Question Réponse % Correct
L'adage anglais "Time is money" se traduit en français par "Le temps c'est...de l'argent
96%
Quel était le prénom du poète Baudelaire ?Charles
89%
Dans le film "Grease", quel acteur chante en duo avec Olivia Newton-John, le titre : "You're The One That I Want" ?John Travolta
85%
Dans quel département français se trouve la ville du Mans ?Sarthe
81%
Quel espèce d'animal est le "pipit" ?oiseau
74%
Quel phénomène météorologique est le "cers" ?vent
49%
Dans quelle région italienne est produit le vin appelé “chianti” ?Toscane
45%
Sous quel nom connait-on mieux l'oiseau appelé "aronde" ?hirondelle
40%
Quel genre d'instrument est la "romaine" ?balance
11%
Chant funèbre corse, appelant à la vengeance, à la suite d'un assassinat ou d'une mort violente.vocero
6%

Distribution des résultats

Percentile par nombre de réponses

% des personnes avec chaque résultat

Votre développement - résultats

Vous n’avez pas pris ce quiz